00446nam a22001457a 450000500170000000800410001702000180005805000140007610000190009024500790010926000510018830000250023950000190026470000170028320250926110646.0250926b |||||||| |||| 00| 0 eng d a9788123906805 aRS403 BHA aBhandari, Anil aTextbook of Pharmaceutical Organic Chemistry/cAnil Bhandari & G. K. Singh aNew DelhibCBS Publishers & Distributorsc2006 av. 171p.bill.c24cm aincludes index aSingh, G. K.